Rediseño eléctrico del edificio amarillo del complejo INS Salud
Enregistré dans:
| Auteur principal: | |
|---|---|
| Format: | Livre |
| Publié: |
[San José, Costa Rica]
2010
|
| Sujets: | |
| Tags: |
Ajouter un tag
Pas de tags, Soyez le premier à ajouter un tag!
|
MARC
| LEADER | 00000nam a2200000Ia 4500 | ||
|---|---|---|---|
| 003 | 010050 | ||
| 005 | 20221231144034.0 | ||
| 008 | 140114s2010 cr a 000 ||s d | ||
| 040 | |c cru CEDI | ||
| 090 | |a TFG 6220 | ||
| 100 | |a Mesén Solórzano, Milena María |9 2890 | ||
| 245 | |a Rediseño eléctrico del edificio amarillo del complejo INS Salud | ||
| 260 | |c 2010 |b [San José, Costa Rica] | ||
| 500 | |a "IE-0502 Proyecto Eléctrico”, Proyecto de graduación (bachillerato en ingeniería eléctrica)--Universidad de Costa Rica. Facultad de Ingeniería. Escuela de Ingeniería Eléctrica | ||
| 650 | |x INSTALACIONES ELECTRICAS - EQUIPO ELECTRICO |x DISPOSITIVOS DE DISTRIBUCION |x DISTRIBUCION DE ENERGIA ELECTRICA |x EDIFICIOS (Materia) EQUIPO ELECTRICO |9 2891 | ||
| 942 | |c TFG | ||
| 999 | |c 15983 |d 15983 | ||
